[Event "Baltic Zonal II Stage 2018"]
[Site "Palanga"]
[Date "2018.06.17"]
[Round "6"]
[White "Chukavin, Kirill"]
[Black "Neiksans, Arturs"]
[Result "0-1"]
[WhiteElo "2256"]
[BlackElo "2561"]
[Annotator "TA"]
[PlyCount "82"]
[EventDate "2018.??.??"]
[EventType "swiss"]
[EventCountry "LTU"]
[SourceTitle "playchess.com"]
[Source "ChessBase"]
[SourceQuality "1"]

{[%evp 22,82,40,24,31,13,30,0,29,0,14,3,29,0,22,39,65,0,63,-95,-100,-96,-85,-84,-74,-227,-210,-252,-187,-251,-287,-293,-286,-274,-264,-212,-246,-438,-437,-420,-388,-359,-374,-545,-529,-480,-397,-405,-383,-679,-542,-535,-502,-769,-629,-1157,-1094,-972,-916,-29992,-29993,-29994,-29995]} 1. e4 c5 2. Nf3 d6 3. d4 cxd4 4. Nxd4 Nf6 5. Nc3 a6 6. h3 e5 7. Nde2 h5 {B90: Sicilian Najdorf: Unusual White 6th moves, 6 Be3 Ng4 and 6 Be3 e5} 8. g3 Nbd7 9. a4 b6 10. Bg2 Bb7 11. O-O Be7 12. Bg5 {LiveBook: 26 Games} Rc8 13. Qd2 O-O {[#]} 14. Nc1 $146 ({Predecessor:} 14. Rfd1 Re8 15. Rac1 Qc7 16. b3 Qb8 17. Qe3 Rc5 18. Qd2 {½-½ (78) Kryvoruchko,Y (2710)-Khismatullin,D (2651) Berlin 2015}) 14... Rc4 {[%cal Rf6e4]} 15. b3 Rc7 16. N1a2 Qc8 17. Rac1 Re8 18. h4 g6 19. Kh1 ({Better is} 19. Bh3 $14) 19... Ba8 (19... Nf8 $11) 20. f4 $2 (20. f3 $14 {keeps the upper hand.}) 20... exf4 $17 21. Rxf4 Ng4 $1 22. Bxe7 Rxe7 23. Qxd6 $2 {[#]} (23. Kg1 $17) 23... Nc5 $1 $19 24. Qd2 ({Reject} 24. Qxb6 Ne3 $17) 24... Qe8 {[%cal Rc5e4]} 25. Nb4 (25. Nd5 {might work better.} Bxd5 26. exd5) 25... Nxe4 26. Nxe4 Bxe4 27. Bxe4 Rxe4 28. Nd5 {[#]} Rxf4 $1 29. gxf4 $2 (29. Nxf4 Qe4+ 30. Qg2) 29... Qd8 {...Rc3! is the strong threat.} 30. Kg1 Rd7 31. c4 Qxh4 {aiming for ...Rxd5!} 32. Rc3 (32. Qg2 $142) 32... Rd6 33. Rf3 Re6 34. Qg2 f5 35. Rf1 $2 (35. b4) 35... Kh7 36. b4 Re4 37. c5 (37. Rc1 $142) 37... bxc5 38. bxc5 Rd4 39. Nc3 Ne3 40. Qf2 Qg4+ 41. Kh1 Qh3+ {Precision: White = 27%, Black = 63%.} 0-1

[Event "Baltic Zonal II Stage 2018"]
[Site "Palanga"]
[Date "2018.06.17"]
[Round "6"]
[White "Haavamae, Henrik"]
[Black "Vedrickas, Tautvydas"]
[Result "1-0"]
[WhiteElo "2209"]
[BlackElo "2408"]
[Annotator "NA"]
[PlyCount "61"]
[EventDate "2018.??.??"]
[EventType "swiss"]
[EventCountry "LTU"]
[SourceTitle "playchess.com"]
[Source "ChessBase"]
[SourceQuality "1"]
[TimeControl "5400+30"]

1. e4 {[%emt 0:00:00]} g6 {[%emt 0:00:05]} 2. d4 {[%emt 0:00:00]} Bg7 {[%emt 0:00:05]} 3. Nc3 {[%emt 0:00:00]} d6 {[%emt 0:00:06]} 4. f4 {[%emt 0:00:07]} a6 {[%emt 0:00:06]} 5. Nf3 {[%emt 0:00:10]} b5 {[%emt 0:00:13]} 6. Bd3 {[%emt 0:00:22]} Nd7 {[%emt 0:04:43]} 7. e5 {[%emt 0:00:39]} Bb7 {[%emt 0:02:27] B06: Modern Defence} (7... c5 8. Be4 Rb8 9. Be3 b4 10. Ne2 Nh6 11. dxc5 Nxc5 12. Bxc5 dxc5 13. Bc6+ Bd7 14. Qd5 Rc8 15. Bxd7+ Qxd7 16. Qxd7+ Kxd7 {1-0 (41) Yu,Y (2760)-Adhiban,B (2655) chess.com INT 2018}) 8. Be4 {[%emt 0:01:05]} Qc8 {[%emt 0:00:25]} 9. Qe2 {[%emt 0:10:40]} Nh6 {[%emt 0:04:56]} 10. a4 {[%emt 0:05:42]} b4 {[%emt 0:06:45]} 11. Nd5 {[%emt 0:00:19]} e6 {[%emt 0:04:33]} 12. Nxb4 $146 {[%emt 0:00:31]} ({Predecessor:} 12. exd6 exd5 13. Bxd5+ Kf8 14. Bxb7 Qxb7 15. Qe7+ {1-0 (69) Bregadze,L (2484)-Shoker,S (2466) New York 2015}) 12... c5 {[%emt 0:38:12]} 13. dxc5 {[%emt 0:05:43]} Nxc5 {[%emt 0:02:25]} 14. Bxb7 {[%emt 0:00:06]} Qxb7 {[%emt 0:00:22]} 15. Nd3 {[%emt 0:00:17]} Nxd3+ {[%emt 0:01:13]} 16. cxd3 {[%emt 0:02:59]} dxe5 {[%emt 0:00:41]} 17. fxe5 {[%emt 0:00:38]} Qb4+ {[%emt 0:04:11]} 18. Qd2 {[%emt 0:01:17]} Rb8 {[%emt 0:01:47]} 19. Qxb4 {[%emt 0:15:27]} Rxb4 $14 {[%emt 0:03:11]} 20. Ra2 {[%emt 0:00:11]} Rb3 {[%emt 0:05:59]} 21. Ke2 {[%emt 0:00:27]} Nf5 {[%emt 0:01:31]} 22. Bd2 {[%emt 0:03:59]} O-O {[%emt 0:01:04]} 23. Rc1 {[%emt 0:09:20]} Rd8 {[%emt 0:01:37]} 24. Rc3 {[%emt 0:02:33]} Rb6 {[%emt 0:00:45]} 25. Rc4 {[%emt 0:03:32]} Rb3 {[%emt 0:01:16]} 26. Bc3 {[%emt 0:03:18]} Ne7 {[%emt 0:00:37]} 27. Nd4 {[%emt 0:01:15]} Rbb8 {[%emt 0:04:19]} 28. Nc6 {[%emt 0:00:21]} Nxc6 {[%emt 0:00:02]} 29. Rxc6 {[%emt 0:00:09]} Rd5 {[%emt 0:00:13]} 30. d4 {[%emt 0:02:47]} a5 {[%emt 0:00:16]} 31. Ra6 {[%emt 0:00:35]} 1-0

[Event "Baltic Zonal II Stage 2018"]
[Site "Palanga"]
[Date "2018.06.17"]
[Round "6"]
[White "Garanin, Aleksei"]
[Black "Pedoson, Georg Aleksander"]
[Result "0-1"]
[WhiteElo "2171"]
[BlackElo "2125"]
[Annotator "NA"]
[PlyCount "70"]
[EventDate "2018.??.??"]
[EventType "swiss"]
[EventCountry "LTU"]
[SourceTitle "playchess.com"]
[Source "ChessBase"]
[SourceQuality "1"]
[TimeControl "5400+30"]

1. d4 {[%emt 0:00:56]} Nf6 {[%emt 0:00:06]} 2. c4 {[%emt 0:00:31]} e5 {[%emt 0:00:05]} 3. dxe5 {[%emt 0:02:12]} Ng4 {[%emt 0:00:04]} 4. Bf4 {[%emt 0:00:26]} Nc6 {[%emt 0:00:39]} 5. Nf3 {[%emt 0:00:57]} Bb4+ {[%emt 0:00:05]} 6. Nbd2 {[%emt 0:01:01]} Qe7 {[%emt 0:00:11]} 7. a3 {[%emt 0:00:36]} Ngxe5 {[%emt 0:00:31]} 8. Nxe5 {[%emt 0:00:05]} Nxe5 {[%emt 0:00:14]} 9. e3 {[%emt 0:00:07]} Bxd2+ {[%emt 0:00:05]} 10. Qxd2 {[%emt 0:00:05]} d6 {[%emt 0:00:25]} 11. Be2 {[%emt 0:00:26]} O-O {[%emt 0:01:35]} 12. O-O {[%emt 0:00:35]} a5 {[%emt 0:01:25]} 13. Rac1 {[%emt 0:03:44]} b6 {[%emt 0:05:34]} 14. Qc3 {[%emt 0:26:07]} Ng6 {[%emt 0:05:12]} 15. Bg3 {[%emt 0:01:10]} a4 {[%emt 0:01:01]} 16. Bf3 {[%emt 0:02:20]} Ra5 $11 {[%emt 0:00:22]} 17. Rfd1 {[%emt 0:01:51]} Be6 {[%emt 0:03:52]} 18. Bd5 {[%emt 0:03:39]} h5 {[%emt 0:05:24]} 19. f4 {[%emt 0:02:31]} h4 {[%emt 0:06:02]} 20. Be1 {[%emt 0:01:16]} Bxd5 {[%emt 0:14:59]} 21. cxd5 {[%emt 0:00:39]} h3 {[%emt 0:02:10]} 22. Qd4 {[%emt 0:02:16]} Rc5 {[%emt 0:00:18]} 23. Bc3 {[%emt 0:01:08]} f5 {[%emt 0:00:22]} 24. gxh3 {[%emt 0:15:29]} Rc4 {[%emt 0:12:49]} 25. Qd3 {[%emt 0:00:16]} Nh4 {[%emt 0:08:29]} 26. Kf2 {[%emt 0:02:05]} b5 {[%emt 0:00:13]} 27. Rg1 {[%emt 0:00:46]} Rf7 {[%emt 0:00:17]} 28. Rg5 {[%emt 0:01:12]} Qe4 {[%emt 0:00:21]} 29. Qe2 {[%emt 0:03:45]} Re7 {[%emt 0:05:39]} 30. Rcg1 {[%emt 0:01:44]} g6 {[%emt 0:00:19]} 31. Rh5 {[%emt 0:02:29]} Rh7 {[%emt 0:02:13]} 32. Rxh7 {[%emt 0:11:35]} Kxh7 {[%emt 0:00:06]} 33. Rg5 {[%emt 0:01:06]} b4 {[%emt 0:00:35]} 34. axb4 {[%emt 0:02:36]} a3 {[%emt 0:00:18]} 35. Kg3 {[%emt 0:04:24]} Rxc3 {[%emt 0:00:50]} 0-1

[Event "Baltic Zonal II Stage 2018"]
[Site "Palanga"]
[Date "2018.06.18"]
[Round "7"]
[White "Neiksans, Arturs"]
[Black "Kovalenko, Igor"]
[Result "1/2-1/2"]
[WhiteElo "2561"]
[BlackElo "2632"]
[Annotator "TA"]
[PlyCount "76"]
[EventDate "2018.??.??"]
[EventType "swiss"]
[EventCountry "LTU"]
[SourceTitle "playchess.com"]
[Source "ChessBase"]
[SourceQuality "1"]

{[%evp 13,76,34,27,5,29,0,0,-7,-8,-11,13,13,0,12,54,44,98,102,179,176,246,256,259,189,191,183,189,166,181,147,168,163,148,162,126,130,103,125,146,154,145,97,100,95,100,36,42,51,70,91,90,28,78,96,87,93,100,0,0,0,103,0,0,0,109]} 1. e4 c5 2. Nf3 Nc6 3. Bb5 g6 4. Bxc6 bxc6 5. O-O Bg7 6. Re1 Rb8 {B31: Sizilianisch (Rossolimo-Variante)} 7. c3 Nf6 {LiveBook: 34 Partien} 8. Qa4 Qb6 9. Na3 $146 ({Vorgänger:} 9. e5 Nd5 10. Qh4 h6 11. Na3 g5 12. Qe4 O-O 13. Nc4 Qc7 14. d4 {½-½ (77) David,A (2579)-Salgado Lopez,I (2612) Condino 2014}) 9... O-O 10. d3 Qa6 11. Qc2 Rd8 12. e5 Nd5 13. Nc4 Qb7 14. Bg5 h6 {[#]} (14... Qc7 $14) 15. Bh4 $1 $16 Rf8 (15... Qc7 $16 {war angesagt.}) 16. Nfd2 $18 f5 (16... a5 $142 17. Nb3 Qa7) 17. exf6 $1 Bxf6 18. Bxf6 Rxf6 19. Ne4 Rf5 20. Ned6 exd6 21. Nxd6 Qc7 22. Nxf5 gxf5 23. Re8+ Kg7 24. d4 d6 25. dxc5 {zielt auf Td1 ab.} dxc5 26. Rae1 {[#] Droht stark c4.} Bd7 27. Rxb8 Qxb8 28. c4 Nf6 29. Qc3 (29. Qe2 $16) 29... Kf7 $1 $14 30. b3 {[%mdl 1024] Weiss hat Kompensation.} Ng4 31. g3 Qd6 32. Qh8 (32. f3 $16 Nf6 33. Kg2) 32... Be6 33. Qh7+ Kf8 34. h3 Qd2 35. Qh8+ Kf7 $1 36. Qh7+ Kf8 37. Qh8+ Kf7 $1 38. Qh7+ Kf8 {Precision: Weiß = 57%, Schwarz = 55%.} 1/2-1/2

[Event "Baltic Zonal II Stage 2018"]
[Site "Palanga"]
[Date "2018.06.18"]
[Round "7"]
[White "Rozentalis, Eduardas"]
[Black "Kantans, Toms"]
[Result "0-1"]
[WhiteElo "2519"]
[BlackElo "2526"]
[Annotator "TA"]
[PlyCount "100"]
[EventDate "2018.??.??"]
[EventType "swiss"]
[EventCountry "LTU"]
[SourceTitle "playchess.com"]
[Source "ChessBase"]
[SourceQuality "1"]

{[%evp 17,100,2,10,-20,-24,-8,16,-18,-16,0,-5,-26,-17,-19,-24,-15,-18,-22,0,0,0,0,0,0,0,0,0,0,7,0,10,0,0,0,-3,-81,-81,-272,-250,-230,-229,-662,0,0,0,-100,-110,-108,-81,-89,-89,-76,-89,-247,-86,-245,-233,-248,-266,-404,-262,-847,-802,-826,-811,-1367,-285,-1761,-473,-466,-458,-479,-479,-466,-466,-462,-465,-663,-458,-4782,-4794,-5926,-5263,-1288,-1890]} 1. e4 c5 2. Nf3 e6 3. b3 b6 4. Bd3 (4. Bb2 Bb7 5. Bd3 Nc6 6. a3 Nf6 7. O-O d6 8. Re1 Be7 9. Bf1 O-O 10. d3 Nd7 11. Nbd2 Bf6 12. Bxf6 Nxf6 {1-0 (29) Kasimdzhanov,R (2683)-Ganguly,S (2650) Riadh 2017}) 4... Bb7 5. O-O Nc6 6. Re1 {B40: Sizilianisch (Klassisches System mit e7-e6)} Be7 7. Bb2 Nf6 8. e5 Nh5 9. Bf1 O-O {LiveBook: 3 Partien} 10. Nc3 $146 ({Vorgänger:} 10. d4 cxd4 11. Nxd4 Nxd4 12. Bxd4 {1-0 (70) Ziska,H (2546)-Ameir,M (2431) Abu Dhabi 2016}) 10... f6 11. Ne4 Qe8 (11... fxe5 {is more complex.} 12. Nxe5 Nxe5 13. Bxe5 Nf4 14. Qg4 Ng6) 12. exf6 Nxf6 13. Nxf6+ Bxf6 14. Bxf6 Rxf6 15. d4 Nb4 16. Ne5 $1 cxd4 17. a3 Nc6 18. Nxc6 Bxc6 19. Qxd4 Qg6 20. Qd3 Qg5 21. Qe3 Qh5 22. Rad1 Raf8 23. Rd2 $1 Rf4 {[%cal Bf6f4,Bf4e4,Be4e1][%mdl 32]} (23... Rf3 $5 24. Qd4 (24. gxf3 Qg6+ 25. Bg2 Bxf3 $19) 24... R3f5 $15) 24. Ree2 R8f5 25. h3 Qg6 {Und weiter mit ...Tf3 wäre nett.} 26. Rd6 (26. Qd3 $11 {hält das Gleichgewicht.}) 26... Bf3 $1 $17 {[%cal Rf3e2]} 27. Red2 $2 (27. Rxd7 $17 Bxe2 28. Rd8+ Rf8 29. Rxf8+ Rxf8 30. Qxe2) 27... Re4 $1 $19 {[%cal Re4e3]} 28. Qd3 Re1 {[%csl Gf3][%cal Rg6g2]} 29. g3 $2 (29. Kh2 Be4 30. Qd4) 29... Be4 $2 (29... Qh5 $1 $19 {[%cal Rh5h3]} 30. h4 (30. Rxd7 $2 Qxh3 31. Rd8+ Kf7 $19) 30... Be4) 30. Qc3 $1 $11 Rf3 31. Qc8+ (31. Qe5 $1 $11 Rf5 32. Qc3) 31... Rf8 $17 32. Qc3 Bc6 {Droht ...Df5 und aus.} 33. Rxd7 Bxd7 34. Rxd7 Rc1 35. h4 $2 {[#]} (35. Rc7 $17) 35... h6 $2 ({Viel schwächer ist} 35... Rxc2 36. Rxg7+ $1 {[%mdl 512]} Kh8 37. Rxg6+ $17) (35... Rxf2 $1 $19 {[%csl Gf2][%cal Rc1f1][%mdl 512]} 36. Rd8+ (36. Kxf2 Rxc2+) 36... Rf8 37. Rxf8+ Kxf8 38. Qc8+ Qe8) 36. Rd2 $2 {[#]} (36. Rc7 $17) 36... Qe4 $1 $40 {[%mdl 128] Schwarz greift entschieden an.} 37. Rd7 {[%csl Gd7][%cal Rc3g7]} e5 {[%cal Be6e5,Be5f4][%mdl 32]} 38. Qc7 (38. Qd2 $142 Rxc2 39. Bc4+ Kh8 40. Qe3 Qxe3 41. fxe3) 38... Kh8 39. Rxg7 $2 (39. Rd8 Rxd8 40. Qxd8+ Kh7 41. Qd2) 39... Qf5 40. f4 exf4 41. g4 Qxc2 $2 (41... Qe4 {( -> ...De3+)} 42. Re7 Qd4+ 43. Kg2 f3+ 44. Kh3 Rxf1 45. Rh7+ Kg8 46. Rg7+ Qxg7 47. Qc4+ Rf7 48. Qxf1 f2 49. g5 hxg5 50. Qd3 f1=Q+ 51. Qxf1 Rxf1 52. Kg4 gxh4+ 53. Kh5 Rg1 54. Kxh4 Qh8#) 42. Qe5 $2 {[#]} (42. Qxc2 Rxc2 43. Rg6) 42... Qc5+ (42... Rxf1+ $142 $1 {[%mdl 512]} 43. Kxf1 Qc1+ 44. Ke2 f3+ 45. Kd3 Qc5 46. Rf7+ Qxe5 47. Rxf8+ Kg7 48. Rxf3 Qe7) 43. Qxc5 bxc5 44. Rxa7 {[%mdl 4096] Endspiel KTT-KTL} Rg8 45. Kf2 Rxg4 46. Bc4 Rxh4 47. Kf3 (47. Rc7 $142 Rh3 48. Kg2 Rg3+ 49. Kf2 Rc2+ 50. Kf1) 47... Re1 48. a4 (48. Kf2 $142 Re3 49. Rf7) 48... Re3+ 49. Kg2 Rg3+ 50. Kf2 Rh2+ {Precision: Weiß = 32%, Schwarz = 61%.} 0-1

[Event "Baltic Zonal II Stage 2018"]
[Site "Palanga"]
[Date "2018.06.18"]
[Round "7"]
[White "Ladva, Ottomar"]
[Black "Kulaots, Kaido"]
[Result "1/2-1/2"]
[WhiteElo "2499"]
[BlackElo "2574"]
[Annotator "TA"]
[PlyCount "34"]
[EventDate "2018.??.??"]
[EventType "swiss"]
[EventCountry "LTU"]
[SourceTitle "playchess.com"]
[Source "ChessBase"]
[SourceQuality "1"]

{[%evp 16,17,12,9]} 1. d4 Nf6 2. Nf3 g6 3. Nc3 d5 4. Bf4 Bg7 5. Nb5 Na6 6. e3 O-O 7. h3 c6 8. Nc3 Nb8 9. Be2 {LiveBook: 61 Games} {Predecessor:} Bf5 $146 10. O-O Nbd7 11. Qc1 Re8 12. Bh2 Ne4 13. Nxe4 Bxe4 14. Ng5 Bf5 15. g4 e5 16. Nxf7 Kxf7 17. gxf5 exd4 {1-0 (45) Aronian,L (2793)-Giri,A (2771) Stavanger 2017} 1/2-1/2

[Event "Baltic Zonal II Stage 2018"]
[Site "Palanga"]
[Date "2018.06.18"]
[Round "7"]
[White "Miezis, Normunds"]
[Black "Stremavicius, Titas"]
[Result "1/2-1/2"]
[WhiteElo "2468"]
[BlackElo "2444"]
[Annotator "TA"]
[PlyCount "133"]
[EventDate "2018.??.??"]
[EventType "swiss"]
[EventCountry "LTU"]
[SourceTitle "playchess.com"]
[Source "ChessBase"]
[SourceQuality "1"]

{[%evp 20,133,-14,-24,-17,-22,-27,-12,-20,-29,-31,-9,-29,-52,-57,-63,-25,-33,-27,-43,-13,-16,-5,-6,0,-40,-47,-102,-83,-84,-84,-76,-55,-55,-48,-56,-45,-56,-54,-78,-87,-84,-78,-139,-147,-141,-146,-93,-136,-129,-8,-8,-11,-9,-12,-6,0,0,0,0,0,-8,-2,-52,-52,-52,-52,-52,-52,-52,-52,-52,-52,-52,-52,-52,-52,-52,-52,-52,-52,-61,-47,-47,-30,-30,-8,-8,-8,-8,-8,-8,-8,-8,-8,-8,-8,-8,-8,-8,-8,-8,-8,-8,-8,-8,-8,-8,-8,-8,-8,-8,-8,-8,-8,-8]} 1. c4 e6 2. e4 d5 3. exd5 exd5 4. d4 Nf6 5. Nc3 Bb4 6. Bd3 O-O 7. Nge2 c5 8. a3 {C01: French: Exchange Variation} (8. O-O cxd4 9. Nxd4 Nc6 10. Nxc6 bxc6 11. cxd5 cxd5 12. Bg5 Be6 13. Rc1 h6 14. Bh4 Be7 15. Nb5 Ne4 16. Bxe7 Qxe7 17. f3 Rfd8 18. Nd4 Qb4 19. Bb1 {½-½ (39) Rakhmanov,A (2654)-Tsoi,D (2361) Sochi 2017}) 8... dxc4 9. Bxc4 Bxc3+ 10. bxc3 cxd4 11. cxd4 {LiveBook: 4 Games} Be6 12. Bd3 Bf5 13. O-O {[#]} Qd7 $146 ({Predecessor:} 13... Bxd3 14. Qxd3 Nbd7 15. Qf3 b5 16. Ng3 {1-0 (36) Miezis,N (2519)-Luther,T (2545) Khanty-Mansiysk 2010}) 14. Rb1 Bxd3 15. Qxd3 Nc6 16. Rb5 Rfe8 17. Rg5 Ne5 18. Qb3 Ng6 19. Ng3 Rad8 20. Rb5 $1 b6 21. Bg5 $1 Qxd4 22. Nf5 (22. Nh5 $5) 22... Qd3 23. h4 (23. Nh6+ $15 gxh6 24. Bxf6) 23... Qxb3 $17 24. Rxb3 Rd5 25. Ne3 Rc5 26. Bxf6 gxf6 27. Rd1 h5 28. Rd7 Re7 $36 {[%mdl 2048] Black has some pressure.} 29. Rbd3 Rxd7 30. Rxd7 {[%mdl 4096] Endgame KRN-KRN} Ra5 31. Rd8+ ({White should play} 31. Rd5) 31... Kg7 32. g3 Rxa3 33. Nf5+ Kh7 34. Rd6 {[#]} Rc3 (34... b5 $1 $17 {aiming for ...Ne5.} 35. Rxf6 Kg8) 35. Rd7 $11 Ne5 36. Rxa7 Rc5 {White must now prevent ...Nf3+.} 37. Nd4 Rd5 38. Ne6 Kh6 39. Nf4 Rd7 40. Ra8 (40. Ra6 {keeps more tension.} Rd1+ 41. Kg2 Rd6 42. Ra4 Ng6 43. Ne2) 40... Ng6 {next ...Nxf4 is good for Black.} 41. Rb8 (41. Ne2 {seems wilder.} Rd2 42. Kf1 Kg7 43. Rb8 Rb2 44. Rb7) 41... Nxf4 42. gxf4 $15 {KR-KR} Rd1+ 43. Kg2 Rb1 44. f5 Kg7 45. Kh2 b5 46. Kg3 Rb4 47. f3 Rb3 48. Kg2 Rb2+ 49. Kg3 Rb4 50. Kg2 Rxh4 {[#] Hoping for ...Rb4.} 51. Rxb5 Ra4 52. Kg3 Ra7 53. f4 {The position is equal.} Ra1 54. Kh4 Rh1+ 55. Kg3 Rg1+ 56. Kf2 Ra1 57. Kg3 Ra3+ 58. Kh4 Ra4 59. Kg3 Rc4 60. Ra5 Rb4 61. Rc5 Rb3+ 62. Kh4 Rf3 63. Kxh5 Rxf4 64. Ra5 Rf1 65. Kg4 Rg1+ 66. Kf4 Rb1 67. Ra2 {Precision: White = 67%, Black = 65%.} 1/2-1/2

[Event "Baltic Zonal II Stage 2018"]
[Site "Palanga"]
[Date "2018.06.18"]
[Round "7"]
[White "Kanep, Meelis"]
[Black "Bernotas, Arturs"]
[Result "0-1"]
[WhiteElo "2454"]
[BlackElo "2407"]
[Annotator "TA"]
[PlyCount "98"]
[EventDate "2018.??.??"]
[EventType "swiss"]
[EventCountry "LTU"]
[SourceTitle "playchess.com"]
[Source "ChessBase"]
[SourceQuality "1"]

{[%evp 21,98,0,0,0,0,-20,-8,-25,0,0,0,0,0,0,0,0,0,0,0,0,0,0,0,-56,0,-55,-39,-53,-26,-65,-12,-11,-11,-11,-8,-63,-67,-94,-9,-27,-27,-24,-12,-10,-15,-15,-12,-106,-98,-113,0,0,0,-175,0,0,-23,-54,0,-57,-57,-57,-54,-303,-290,-409,-383,-396,-407,-395,-393,-962,-991,-1197,-1171,-1043,-962,-761,-661]} 1. d4 Nf6 2. c4 e6 3. g3 d5 4. Nf3 dxc4 5. Bg2 Nbd7 6. O-O Rb8 7. Nc3 {E04: Open Catalan: 5 Nf3} b5 8. Ne5 Nxe5 9. dxe5 Nd7 10. Qc2 Bb7 11. Bxb7 Rxb7 {LiveBook: 9 Games} 12. Rd1 Qc8 13. Qe4 {With the idea Rxd7!} c6 14. Be3 f5 15. exf6 $1 Nxf6 16. Qe5 {[#]} Be7 $146 17. Ne4 Nxe4 18. Qxe4 O-O 19. a4 a6 20. axb5 axb5 21. Ra6 Rc7 22. Rb6 {[#]} (22. Rda1 $11) 22... Bf6 (22... e5 $1 $15 {[%mdl 512]}) 23. Bf4 (23. Rd6 $11) 23... e5 $15 24. Be3 $1 Qe6 25. Ra6 Rcc8 (25... Be7 $15) 26. Bc5 $11 Rfd8 27. Rxd8+ Bxd8 28. Ra7 ({White should play} 28. Bd4 $11) 28... Bf6 $15 29. Bb6 Qd5 (29... Re8 $17 30. h4 Qd5) 30. Qf5 Re8 {[#] White must now prevent ...e4.} 31. e4 $1 {[%cal Re4d5]} Qd6 32. Qh5 {Threatening mate with Qf7+.} Rf8 {Strongly threatening ...c5.} 33. Be3 c5 34. Rb7 (34. Kg2 $11 {remains equal.}) 34... Qc6 $17 35. Ra7 Qxe4 (35... b4 $17 {Hoping for ...c3.} 36. Qd1 Qxe4 37. Bxc5 Rb8) 36. Bxc5 $11 Rd8 37. Qf7+ Kh8 {[%cal Rd8d1]} 38. Rd7 $1 {[%cal Rd7d8] Rxd8+ would kill now.} Ra8 {( -> ...Ra1+)} 39. Ra7 h6 $40 {[%mdl 128] Black attacks.} (39... Qb1+ $15 40. Kg2 Qe4+ 41. Kg1 h6) 40. h4 (40. Rxa8+ $11 Qxa8 41. Qd7) 40... Rxa7 $15 41. Qxa7 Qd5 {And now ...e4 would win.} 42. Qb8+ $2 ({White should try} 42. Bb4 $1 $15) 42... Kh7 $19 43. Ba3 (43. Bb4 {was called for.} e4 44. Bc3) 43... e4 44. Qf4 h5 45. Qc1 Bd4 46. Qf4 $2 (46. Qd2 Kg6 47. Kh2) 46... Qe5 {Black is clearly winning.} 47. Qxe5 Bxe5 48. Kf1 Kg6 49. Ke2 Kf5 {Precision: White = 48%, Black = 71%.} 0-1

[Event "Baltic Zonal II Stage 2018"]
[Site "Palanga"]
[Date "2018.06.18"]
[Round "7"]
[White "Laurusas, Tomas"]
[Black "Sulskis, Sarunas"]
[Result "1/2-1/2"]
[WhiteElo "2453"]
[BlackElo "2506"]
[Annotator "TA"]
[PlyCount "17"]
[EventDate "2018.??.??"]
[EventType "swiss"]
[EventCountry "LTU"]
[SourceTitle "playchess.com"]
[Source "ChessBase"]
[SourceQuality "1"]

{[%evp 16,17,16,0]} 1. d4 d5 2. c4 c6 3. Nf3 Nf6 4. Nc3 dxc4 5. a4 Bf5 6. Nh4 $146 ({Predecessor:} 6. e3 e6 7. Bxc4 Bb4 8. O-O Nbd7 9. Qe2 O-O 10. e4 Bg6 11. Bd3 Bh5 12. e5 Nd5 13. Nxd5 cxd5 14. Qe3 Be7 15. Ng5 Bxg5 16. Qxg5 Bg6 17. Qxd8 Rfxd8 18. Be2 Nb8 19. Be3 Nc6 20. Rfc1 Rdc8 21. Rc3 Nb4 22. Raa3 a5 {½-½ (38) Radjabov,T (2748)-Mamedov,R (2704) Shamkir 2018}) 6... Bc8 7. Nf3 Bf5 8. Nh4 Bc8 9. Nf3 1/2-1/2

[Event "Baltic Zonal II Stage 2018"]
[Site "Palanga"]
[Date "2018.06.18"]
[Round "7"]
[White "Seeman, Tarvo"]
[Black "Pedoson, Georg Aleksander"]
[Result "1-0"]
[WhiteElo "2425"]
[BlackElo "2125"]
[Annotator "TA"]
[PlyCount "59"]
[EventDate "2018.??.??"]
[EventType "swiss"]
[EventCountry "LTU"]
[SourceTitle "playchess.com"]
[Source "ChessBase"]
[SourceQuality "1"]

{[%evp 10,59,25,2,47,46,36,51,42,57,145,138,129,117,106,92,144,151,146,116,134,128,141,138,142,140,137,143,198,185,287,292,276,277,262,279,320,312,584,518,516,405,422,421,464,352,712,516,486,475,900,896]} 1. Nf3 d5 2. g3 e6 3. Bg2 f5 4. O-O Nf6 5. d3 Be7 6. Nc3 {LiveBook: 3 Games. A04: Unusual lines after 1 Nf3 and King's Indian Attack} c5 (6... O-O 7. e4 fxe4 8. dxe4 Nxe4 9. Nxe4 dxe4 10. Qxd8 Rxd8 11. Ng5 e5 12. Be3 Bf5 13. Nxe4 Nd7 {0-1 (45) Bok,B (2620)-Dambacher,M (2468) Netherlands 2018}) 7. e4 d4 8. Ne2 {White is slightly better.} Nc6 $146 ({Predecessor:} 8... fxe4 9. dxe4 Nc6 10. e5 Ng4 11. Nf4 Ngxe5 12. Nxe5 Nxe5 13. Re1 Qd6 {1-0 (35) Trifunovic,P-Puiggros,G Mar del Plata 1952}) 9. exf5 exf5 (9... e5 $14) 10. c3 dxc3 11. bxc3 O-O 12. Nf4 Bd6 (12... h6 $142) 13. Ng5 $1 $16 Bxf4 14. Bxf4 {Hoping for Qb3+.} Na5 15. Re1 {[%cal Bf1e1,Be1e6,Be6d6][%mdl 32]} h6 16. Ne6 Bxe6 17. Rxe6 Qd7 18. Rd6 Qe7 (18... Qe8 $16 {was necessary.}) 19. Qa4 $18 Nh5 (19... g5 $142) 20. Bd5+ ({Less strong is} 20. Qxa5 Nxf4 21. Qxc5 Ne2+ 22. Kh1 Nxc3 $16) 20... Kh7 {[#]} 21. Re6 $1 {[%cal Re6e7]} Qd8 {[#]} 22. Bd6 $1 Rf6 23. Rae1 Rc8 $2 (23... Rxe6 24. Rxe6 Nf6) 24. Bf3 Rc6 25. Bxc6 ({Weaker is} 25. Bxh5 Rxd6 26. Re8 Qb6 $16) 25... Nxc6 26. Qc4 b6 27. Qd5 Qc8 $2 (27... Qd7 28. Rxf6 Nxf6) 28. Be7 {White is clearly winning.} Nxe7 29. Rxe7 Qa6 (29... Qc6 $142 30. Qxc6 Rxc6 31. Rxa7 Rd6) 30. R1e6 {Precision: White = 87%, Black = 33%.} 1-0